Pulmonary therapy

"The journal is dedicated to the publication of high-quality preclinical, clinical (all phases), observational, real-world, and health outcomes research around the discovery, development, and use of pulmonary therapies. Studies relating to diagnosis, pharmacoeconomics, public health, quality of life...

Full description

Bibliographic Details
Format: Electronic Journal
Language:English
Published: [New York, N.Y.] : Springer, [2015]-
Subjects:
Online Access:Full text available from Research Library: 12/01/2015 to present

MARC

LEADER 00000nas a2200000 i 4500
001 ssj0001932478
003 WaSeSS
005 20200512172242.0
006 m d
007 cr n
008 160217c20159999nyu|| pos 0 0eng
010 |a  2017226592 
015 |a GBB5I6858  |2 bnb 
016 7 |a 017575916  |2 Uk 
016 7 |a 101687144  |2 DNLM 
022 |a 2364-1746  |l 2364-1754 
035 |a (WaSeSS)ssj0001932478 
040 |a PFM  |b eng  |e pn  |c PFM  |d OCLCF  |d OCLCQ  |d CUS  |d Z5A  |d FUG  |d NLE  |d COO  |d DKU  |d OCLCO  |d STF  |d AU@  |d OCLCQ  |d CRU  |d OCLCO  |d UKMGB  |d WYU  |d VT2  |d NLM  |d OCLCO  |d OCLCA  |d WaSeSS 
042 |a pcc 
050 1 4 |a RM161 
060 1 0 |a W1 
082 0 |a 610 
210 0 |a Pulm. ther.  |b (Internet) 
210 1 0 |a Pulm Ther  |2 dnlm 
222 0 |a Pulmonary therapy  |b (Internet) 
245 0 0 |a Pulmonary therapy  |h [electronic resource]. 
260 |a [New York, N.Y.] :  |b Springer,  |c [2015]- 
310 |a Semiannual 
362 1 |a Began with Volume 1, Issue 1 (December 2015). 
506 |a License restrictions may limit access. 
515 |a Some articles published online first. 
515 |a Volume 1 complete in 1 issue. 
520 2 |a "The journal is dedicated to the publication of high-quality preclinical, clinical (all phases), observational, real-world, and health outcomes research around the discovery, development, and use of pulmonary therapies. Studies relating to diagnosis, pharmacoeconomics, public health, quality of life, as well as patient care, management, and education are also encouraged"--Description (viewed November 22, 2017). 
588 0 |a Volume 1, Issue 1 (December 2015); title from journal home page (Springer website, viewed February 17, 2016). 
588 1 |a Volume 5, Issue 2 (December 2019) (viewed March 26, 2020). 
650 1 2 |a Respiratory Therapy. 
650 0 |a Respiratory therapy  |v Periodicals. 
650 7 |a Respiratory therapy.  |2 fast  |0 (OCoLC)fst01095819 
655 0 |a Electronic journals. 
776 0 8 |i Print version:  |t Pulmonary therapy  |x 2364-1754 
856 4 0 |z Full text available from Research Library: 12/01/2015 to present  |u https://search.proquest.com/publication/2045897